Superkotě a komiksová škola. (Záznam č. 34118)
| 000 -Návěští | |
|---|---|
| Řídící pole kódované 24B | 01778nam a2200409 i 4500 |
| 001 - Kontrolní číslo | |
| Řídící pole proměnné | 5225988 |
| 003 - Identifikátor kontrolního čísla | |
| Řídící pole proměnné | CZ PrSKC |
| 005 - Datum posledního zpracování | |
| Řídící pole 16B | 20260401090945.0 |
| 007 - Pole pevné délky pro fyzický popis | |
| Řídící pole kódované | ta |
| 008 - Údaje pevné délky | |
| Řídící pole kódované 40B | 260331s2026 xr a b 6 000 1 cze d |
| 020 ## - ISBN | |
| ISBN | 9788028415587 |
| 040 ## - Zdroj katalogizace-agentura | |
| Agentura původní katalogizace | ABG001 |
| Jazyk katalogizace | cze |
| Použitá pravidla popisu | rda |
| 041 1# - Kód jazyka | |
| Kód jazyka textu/zvuku, mezititulků | cze |
| Kód jazyka originálu | eng |
| 072 #7 - Kód předmětové kategorie - Konspekt | |
| Předmětová kategorie | 741.52 |
| Zpřesnění předmětové kategorie | Komiksy. Komiksové adaptace |
| Zdroj předmětové klasifikace | Konspekt |
| 072 #7 - Kód předmětové kategorie - Konspekt | |
| Předmětová kategorie | 821-93 |
| Zpřesnění předmětové kategorie | Literatura pro děti a mládež (beletrie) |
| Zdroj předmětové klasifikace | Konspekt |
| 080 ## - MDT | |
| Klasifikační znak MDT | 741.52(0:82-321.5) |
| Idetifikátor vydání MDT | MRF |
| 080 ## - MDT | |
| Klasifikační znak MDT | 821-93 |
| Idetifikátor vydání MDT | MRF |
| 100 1# - Hlavní záhlaví - osobní jméno autora | |
| Osobní jméno | Pilkey, Dav, |
| Datumy související se jménem | 1966- |
| Kód role | aut |
| -- | ill |
| 9 (RLIN) | 7542 |
| 240 10 - Unifikovaný název | |
| Unifikovaný název | <a href="Collaborations.">Collaborations.</a> |
| Jazyk díla | Česky |
| 245 10 - Údaje o názvu | |
| Název | Superkotě a komiksová škola. |
| Název části/sekce díla | Spolupráce / |
| Údaj o odpovědností, atd. | napsal, ilustroval a výtvarně zpracoval Dav Pilkey ; digitální barva Jose Garibaldi ; z anglického originálu Cat kid comic club: Collaborations přeložila Veronika Sysalová |
| 246 30 - Variantní vázvy | |
| Hlavní název/zkrácený název | Spolupráce |
| 250 ## - Údaje o vydání | |
| Označení vydání | Vydání první |
| 264 #1 - Nakladatelské údaje | |
| Místo vydání | Praha : |
| Nakladatel | Euromedia Group, |
| Rok vydání | 2026 |
| 300 ## - Fyzický popis | |
| Rozsah | 223 stran : |
| další fyzické údaje | barevné ilustrace ; |
| Rozměry | 22 cm |
| 490 1# - Údaje o edici | |
| Údaje o edici | Pikola |
| 520 2# - Anotace | |
| Anotace, atd. | Parta mladých hrdinů z komiksové školy se tentokrát učí spolupracovat. |
| Rozšířený text anotace | Teprve po splnění všech domácích prací se rozjívená parta může pustit do tvorby ještě úžasnějších mini komiksů: napínavé akce v díle Sekáčů jízda, jemně poetického haiku V podzimním rybníčku i mnoha dalších překvapení. Nakladatelská anotace. Kráceno. |
| 655 #7 - Rejstříkový termín - žánr/forma | |
| Žánr/forma či základní termín | humoristické komiksy |
| -- | 9241 |
| 655 #7 - Rejstříkový termín - žánr/forma | |
| Žánr/forma či základní termín | publikace pro děti |
| 655 #9 - Rejstříkový termín - žánr/forma | |
| Žánr/forma či základní termín | humorous comics |
| -- | 9243 |
| 655 #9 - Rejstříkový termín - žánr/forma | |
| Žánr/forma či základní termín | children's literature |
| 700 1# - Vedlejší záhlaví - osobní jméno autora | |
| Osobní jméno | Garibaldi, Jose, |
| Datumy související se jménem | 1978- |
| Kód role | clr |
| 9 (RLIN) | 8957 |
| 700 1# - Vedlejší záhlaví - osobní jméno autora | |
| Osobní jméno | Sysalová, Veronika |
| Kód role | trl |
| 9 (RLIN) | 10294 |
| 710 2# - Vedlejší záhlaví - jméno korporativního autora | |
| Jméno korporace nebo jurisdikce | Euromedia Group |
| Kód role | pbl |
| 9 (RLIN) | 20440 |
| 765 0# - Záhlaví v originálním jazyce | |
| Název | Cat kid comic club |
| 910 ## - Údaje o vlastníkovi jednotky (exempláře) | |
| Sigla vlastníka jednotky | ABG508 |
| Stav ztráty | Zdroj klasifikace pro skladování | Stav poškození |
|---|---|---|
| Universal Decimal Classification |